LEADER 01266nam--2200397---450- 001 990001188390203316 005 20031009104657.0 035 $a000118839 035 $aUSA01000118839 035 $a(ALEPH)000118839USA01 035 $a000118839 100 $a20031009d1983----km-y0itay0103----ba 101 0 $aeng 102 $aEG 105 $a||||||||001yy 200 1 $aUnit operations in food processing$fBy R. L. Earle 205 $a2. ed. 210 $aOxford$cPergamon press$d1983 215 $aVIII, 207 p.$d24 cm. 225 2 $aPergamon international library of science, techology, engineering and social studies 410 0$12001$aPergamon international library of science, techology, engineering and social studies 454 1$12001 461 1$1001-------$12001 606 0 $aAlimenti analisi e adulterazioni (tecnologia) 676 $a664.07 700 1$aEARLE,$bR.L.$0555761 801 0$aIT$bsalbc$gISBD 912 $a990001188390203316 951 $a664.07 EAR$b18404 Ing.$c664.07 959 $aBK 969 $aTEC 979 $aSIAV3$b10$c20031009$lUSA01$h1044 979 $aSIAV3$b10$c20031009$lUSA01$h1046 979 $aPATRY$b90$c20040406$lUSA01$h1725 996 $aUnit operations in food processing$9982862 997 $aUNISA